000
00318nam a2200133Ia 4500
008
230917s9999||||xx |||||||||||||| ||und||
040
_e
205328
_a
MAIN
041
_a
English
082
_a
155.5 P194A
100
_a
Pankaj
245
0
_a
Assessment and management of adolescent anger
300
_a
169 p.
942
_c
TH
999
_c
125676
_d
125676